Statistics for Country Quiz: Uruguay 🇺🇾

Click here to take the quiz!

General Stats

  • This quiz has been taken 14 times
  • The average score is 14 of 25

Answer Stats

HintAnswer% Correct
Bordering CountriesArgentina
100%
Brazil
100%
Between 1821-25, Uruguay was annexed by this countryBrazil
100%
National SportFootball
100%
LanguageSpanish
100%
Bordering OceansAtlantic ocean
93%
CapitalMontevideo
93%
Between 1726-1820s, this country ruled UruguaySpain
93%
Time zones1 (UTC-3)
86%
NationalityUruguayan
86%
CurrencyPeso
79%
Main ReligionChristianity
71%
State-ConditionRepublic
57%
Year of Independence1825
43%
In 2013, this was legalisedSame-sex marriage
43%
ClimateTemperate
29%
Founding FatherJosé Gervasio Artigas
21%
Famous Socialist-friendly leader (2010-15)José Mujica
21%
Between 1973-85, Uruguay was ruled by the _________Military
21%
Type of GovernmentPresidential / Unitary
21%
National AnimalSouthern Lapwing
21%
Main Economic SectorTertiary / Service
21%
Second-Largest CitySalto
14%
Most Famous Leader (1981-85)Gregorio Álvarez
7%
Between 1864-70, Uruguay joined forced with Argentina and Brazil in the war against Paraguay, which is referred to as the war of the ______ _________Triple Alliance
7%

Score Distribution

Percentile by Number Answered

Percent of People with Each Score

Your Score History

You have not taken this quiz